00329 2200145 4500245004300000250001100043100002200054650001600076650001700092005001900109260001800128041001400146084001400160336000900174 aMy Life StorycZahra Windi AsifahText aCet. 1 aZahra Windi Asifa aKarya Siswa aAutobiografi a20250520104737 aJakartac2025 aIndonesia a081 ZAH m atext